Statistics for Famous Russians by Picture

Click here to take the quiz!

General Stats

  • This quiz has been taken 235 times
  • The average score is 10 of 16

Answer Stats

Answer% Correct
Vladimir Putin
98%
Vladimir Lenin
92%
Grigori Rasputin
91%
Mikhail Gorbachev
90%
Yuri Gagarin
84%
Catherine the Great
80%
Leo Tolstoy
72%
Peter the Great
60%
Maria Sharapova
56%
Anastasia Nikolaevna
45%
Alexei Navalny
42%
Rudolf Nureyev
35%
Yul Brynner
33%
Pyotr Ilyich Tchaikovsky
31%
Khabib Nurmagomedov
30%
Andrei Tarkovsky
12%

Score Distribution

Percentile by Number Answered

Percent of People with Each Score

Your Score History

You have not taken this quiz